000 00251nam a22001097a 4500
082 _a604.2 BIN'E
100 _aBINNS, H
_958038
245 _aEXAMPLES IN ENGINEERING DRAWING AND DESIGN
250 _aVOL-3
260 _aLONDON
_bEUP
_c1958
942 _cBK
999 _c568261
_d568261